000
00307nam a2200133Ia 4500
005
20251222144809.0
008
251222s9999||||xx |||||||||||||| ||spa||
020
_a
9789606632914
082
_a
450/E24/T.III
245
0
_a
Primi Raccconti
250
_a
1ra.ed.
264
_b
Edizioni Dilingua
942
_c
LIB
999
_c
20047
_d
20047